النوبة .. نموذج الخصوصية فى بنيان الثقافة المصرية / (Record no. 67706)
[ view plain ]
| 000 -الفاتح | |
|---|---|
| حقل البيانات ثابتة الطول | 00948nam a2200229Ia 4500 |
| 005 - وقت وتاريخ اخر تعامل مع التسجيلة | |
| رقم الضبط | 20250622124039.0 |
| 008 - عناصر البيانات ثابتة الطول - معلومات عامة | |
| حقل البيانات ثابتة الطول | 250617s9999||||xx |||||||||||||| ||ara|| |
| 017 ## - رقم الايداع القانونى | |
| رقم الايداع القانونى | 2025/1926 |
| المصدر ( الهيئة المختصة) | مصر. دار الكتب |
| 020 ## - الرقم الدولى المعيارى للكتب | |
| الرقم الدولى المعيارى للكتاب | 9789778129953 |
| 082 04 - رقم تصنيف ديوى العشرى | |
| رقم التصنيف | "962,5" |
| رقم المادة | ع ن |
| 100 0# - المدخل الرئيسى - إسم شخصى | |
| الإسم الشخصى | عبد المجيد حسن خليل |
| 245 10 - بيان العنوان | |
| العنوان | النوبة .. نموذج الخصوصية فى بنيان الثقافة المصرية / |
| بيان المسئوليه,etc | تأليف عبد المجيد حسن خليل ؛ تقديم هبة الله عبد المجيد حسن |
| 250 ## - بيان الطبعة | |
| بيان الطبعة | ط1 |
| 260 3# - PUBLICATION, DISTRIBUTION, ETC. (IMPRINT) | |
| تاريخ النشر أو التوزيع | 2025. |
| 300 ## - الوصف المادى | |
| التعداد | 124ص ؛ |
| تفاصيل ماديه اخرى للوعاء | |
| أبعاد الوعاء | 24سم. |
| 651 ## - المدخل الاضافى بالموضوع - اسم جغرافى | |
| الاسم الجغرافي | النوبة |
| التقسيم الفرعي العام | تاريخ |
| 651 ## - المدخل الاضافى بالموضوع - اسم جغرافى | |
| الاسم الجغرافي | النوبة |
| التقسيم الفرعي العام | وصف ورحلات |
| 651 ## - المدخل الاضافى بالموضوع - اسم جغرافى | |
| الاسم الجغرافي | مصر |
| التقسيم الفرعي العام | تاريخ |
| التقسيم الفرعي الزمني | العصر الحديث |
| 700 0# - المدخل الاضافى - اسم شخصى | |
| الإسم الشخصى | هبة الله عبد المجيد حسن |
| الدور | مقدم |
| 942 ## - عناصر المدخل الإضافي( كوها) | |
| Koha [default] item type | كتاب |
| 260 3# - PUBLICATION, DISTRIBUTION, ETC. (IMPRINT) | |
| -- | القاهرة : |
| -- | "المكتب العربى للمعارف،" |
| حالة التراجع | حالة الفقد | حالة تلف | ليس للاعارة | المكان المؤقت | الموقع الحالى | موقع الترفيف | تاريخ الاكتساب | اجمالي اﻻعارات | تاريخ اخر مشاهدة | تاريخ تفعيل السعر | نوع وعاء كوها |
|---|---|---|---|---|---|---|---|---|---|---|---|
| مكتبة القاهرة الكبرى | مكتبة القاهرة الكبرى | قاعة القاهرة_ك عربى | 06/22/2025 | 06/22/2025 | 06/22/2025 | كتاب |

